ბათუმის შოთა რუსთაველის სახელმწიფო უნივერსიტეტის ბიბლიოთეკა

ფრაზეოლოგიზმთა კვლევის ასპექტები : (ბიბ.ჩანაწერი № 57255)

000 -ლიდერი
ფიქსირებული სიგრძის საკონტროლო ველი 01502nam a22002657a 4500
003 - საკონტროლო ნომრის იდენტიფიკატორი
საკონტროლო ველი Ge_BSU
005 - ბოლო ოპერაციის თარიღი და დრო
საკონტროლო ველი 20200129103358.0
008 - ფიქსირებული სიგრძის მონაცემთა ელემენტები - ზოგადი ინფორმაცია
ფიქსირებული სიგრძის საკონტროლო ველი 200129s2018 ||||| |||| 00| 0 geo d
020 ## - წიგნის საერთაშორისო სტანდარტული ნომერი
International Standard Book Number 9789941802621
041 ## - ენის კოდი
Language code of text/sound track or separate title geo
080 ## - უნივერსალური ათობითი კლასიფიკაციის ინდექსი
Universal Decimal Classification number 811.353.1'38 ც-51
100 ## - მთავარი ჩანაწერი - პიროვნების სახელი
Personal name ცეცხლაძე, ნანა
9 (RLIN) 4739
245 ## - ცნობა სათაურის შესახებ
Title ფრაზეოლოგიზმთა კვლევის ასპექტები :
Remainder of title მონოგრაფია /
Statement of responsibility, etc ნანა ცეცხლაძე ; რედ : მამია ფაღავა ; ხათუნა ბერიძე .
264 ## - წარმოების, გამოცემის, დისტრიბუციის და სხვა ცნობები
გამოცემის, წარმოების, დისტრიბუციის... ადგილი თბილისი :
გამოცემის, წარმოების, დისტრიბუციის... სახელწოდება ივერიონი,
გამოცემის, წარმოების, დისტრიბუციის... თარიღი 2018.
300 ## - ფიზიკური აღწერა
Extent 278 გვ. ;
Dimensions 20 სმ.
500 ## - ზოგადი შენიშვნა
General note შემოკლებათა განმარტებანი : გვ. 250-254
504 ## - BIBLIOGRAPHY, ETC. NOTE
Bibliography, etc ბიბლიოგრ.: გვ. 255-274
546 ## - LANGUAGE NOTE
Language note რეზ. ინგლ. ენაზე
653 ## - INDEX TERM--UNCONTROLLED
Uncontrolled term სემანტიკა გრამატიკა ლინგვოკულტუროლოგია
653 ## - INDEX TERM--UNCONTROLLED
Uncontrolled term ქართული ენა
700 ## - ADDED ENTRY--PERSONAL NAME
Personal name ფაღავა, მამია
Relator term რედაქტორი
9 (RLIN) 6469
700 ## - ADDED ENTRY--PERSONAL NAME
Personal name ბერიძე, ხათუნა
Relator term რედაქტორი
9 (RLIN) 2372
710 ## - ADDED ENTRY--CORPORATE NAME
Relator term შოთა რუსთაველის სახელმწ. უნ-ტი ქართული ფილოლოგიის დეპარტამენტი
9 (RLIN) 6470
942 ## - ADDED ENTRY ELEMENTS (KOHA)
Source of classification or shelving scheme
Koha item type წიგნი
ეგზემპლარები
ჩამოწერის სტატუსი დაკარგული ეგზემპლარის სტატუსი კლასიფიკაციის წყარო ან თაროზე გაწყობის სქემა დაზიანების სტატუსი არ გაიცემა მუდმივი მდებარეობა (დაცვის ადგილი) ამჟამინდელი ადგილსამყოფელი თაროზე განთავსების ადგილი შეძენის თარიღი ღირებულება, შესყიდვის ნორმალური ფასი სრული შენახვის შიფრი შტრიხკოდი ბოლო ოპერაციის თარიღი ეგზემპლარის მიმდევრობითი ნომერი (კეტერი?) ფასის ძალაში შესვლის თარიღი ეგზემპლარის სახეობა საჯარო შენიშვნა
          ბათუმის შოთა რუსთაველის სახელმწიფო უნივერსიტეტის მთავარი ბიბლიოთეკა ბათუმის შოთა რუსთაველის სახელმწიფო უნივერსიტეტის მთავარი ბიბლიოთეკა წიგნსაცავი 2020-01-29 10.00 811.353.1'38 ც-51 59571 2020-01-29 59571 2020-01-29 წიგნი 10.00